MARC

LEADER 00000nam0a2200000 4500
001 264122
005 20231101233813.0
010 |a 5020020540 
035 |a (RuTPU)RU\TPU\book\287113 
090 |a 264122 
100 |a 20140617d1988 k y0rusy50 ca 
101 0 |a rus 
102 |a RU 
105 |a a z 001zy 
200 1 |a Тектоника Северо-Западной Пацифики. Соотношения структур океана и континентальной окраины  |f Е. Н. Меланхолина  |g Академия наук СССР (АН СССР), Геологический институт (ГИН) 
210 |a Москва  |c Наука  |d 1988 
215 |a 216 с.  |c ил. 
225 1 |a Труды ГИН (Геологического института АН СССР)  |v Вып. 434 
320 |a Библиогр.: с. 196-212. 
606 1 |a Геология структурная  |2 stltpush  |3 (RuTPU)RU\TPU\subj\6122  |9 34080 
610 1 |a тектоника 
610 1 |a Тихий океан 
610 1 |a строение 
610 1 |a плиты 
610 1 |a континентальная кора 
610 1 |a формирование 
675 |a 551.243  |v 3 
700 1 |a Меланхолина  |b Е. Н. 
712 0 2 |a Академия наук СССР (АН СССР)  |b Геологический институт (ГИН)  |c (Москва)  |2 stltpush  |3 (RuTPU)RU\TPU\col\11354 
801 1 |a RU  |b 63413507  |c 20140617 
801 2 |a RU  |b 63413507  |c 20151112  |g RCR 
942 |c BK